| 000 | 00459nmm a2200169Ia 4500 | ||
|---|---|---|---|
| 008 | 251105s9999||||xx |||||||||||||||||und|| | ||
| 020 | _a9788446043690 | ||
| 041 | _aspa | ||
| 100 | _aBlasco Ibáñez, Vicente | ||
| 245 | 0 | _aLuna Benamor | |
| 264 |
_a[Madrid, España] : _bAkal, _c2017 |
||
| 300 | _a208 páginas | ||
| 490 | _aBásica de Bolsillo | ||
| 650 | _aSpanish narrative | ||
| 856 | _uhttps://public.digitaliapublishing.com/a/50850 | ||
| 942 | _cCF | ||
| 999 |
_c83063 _d83063 |
||